000 00865nam a22003370a 4500
001 PT57728
003 AR-LpoUNG
005 20210201010450.0
008 201001s2013||||ag |||||||||||||||||spa d
020 _a9789871741823
_c$1,80
040 _aAR-LpoUNG
_bspa
_eaacr
041 _aspa
044 _aag
082 0 _aA863 893obr
100 1 _aRozenmacher, Germán N.
245 1 0 _aObras completas
250 _a1ra. ed.
260 _aBuenos Aires :
_bBiblioteca Nacional,
_c2013.
300 _a928 p. :
_bil.
_3Impreso
490 0 _aColección Jorge Álvarez
650 4 _aARGENTINA
650 4 _aCUENTOS
650 4 _aLITERATURA
650 4 _aTEATRO
650 4 _aTELEVISION
651 4 _aDOCUMENTOS TEORICOS O METODOLOGICOS
700 1 _aGonzález, Horacio
_epról.
700 1 _aRaia, Matías H.
_ecomp.
905 _a57728
942 _cLIB
999 _c51410
_d51410